000 00280nam a22001337a 4500
008 210311b ||||| |||| 00| 0 eng d
041 _aeng
080 _a37
082 _a37
100 _a46
101 _aEDU
245 _aThe First-Year Teacher
_cBosch,K.A
942 _2udc
_cBK
999 _c56355
_d56355